| 000 | 00838nam a2200193 4500 | ||
|---|---|---|---|
| 001 | 113167 | ||
| 003 | ES-MaACL | ||
| 005 | 20260127062543.0 | ||
| 007 | t| | ||
| 008 | 061121s1950 sp r ||||1| spa d | ||
| 100 | 1 |
_aNúñez Lagos, Rafael, _d1902-1991 _986209 |
|
| 245 | 1 | 3 |
_aLa estipulación en las Partidas y el Ordenamiento de Alcalá _b: discurso leido el día 15 de junio de 1950 en su recepción pública por el Excmo. Sr. D. Rafael Núñez Lagos y contestación del Excmo. Sr. D. Manuel de Bofarull y Romañá. |
| 260 |
_aMadrid : _b[s. n.], _c1950 ( _fImp. Viuda de Galo Sèz) |
||
| 300 |
_a113 p. ; _c24 cm. |
||
| 700 | 1 |
_aBofarull y Romañá, Manuel de. _929767 |
|
| 700 |
_aReal Academia de Jurisprudencia y Legislación de España _9217612 |
||
| 852 |
_aES-MaACL _j1915-F-20 _bR.30204 |
||
| 999 |
_c113167 _d113167 |
||